Statistiques concernant Personnages de Gossip Girl par images

Cliquez ici pour prendre le quiz!

Statistiques générales

  • Ce quiz a été pris 2 904 fois
  • Le résultat moyen est 14 sur 16

Statistiques - réponses

Réponse% Correct
Blair Waldorf
100%
Chuck Bass
100%
Serena Van Der Woodsen
100%
Daniel Humphrey
98%
Nathaniel Archibald
98%
Vanessa Abrams
94%
Jennifer Humphrey
93%
Lily Van Der Woodsen
92%
Rufus Humphrey
86%
Georgina Sparks
85%
Dorota Kishlovsky
84%
Bart Bass
82%
Eric Van Der Woodsen
80%
Eleanor Waldorf
69%
Carter Baizen
61%
Juliet Sharp
49%

Distribution des résultats

Percentile par nombre de réponses

% des personnes avec chaque résultat

Votre développement - résultats

Vous n’avez pas pris ce quiz